UEFA Nations League Teams - Statistics

General Stats
  • This quiz has been taken 214 times
  • The average score is 48 of 55
Answer Stats
Team % Correct
Portugal
96%
Spain
95%
Austria
94%
England
94%
France
94%
Belgium
93%
Albania
92%
Croatia
92%
Finland
92%
Poland
92%
Scotland
92%
Wales
92%
Denmark
91%
Germany
91%
Italy
91%
Netherlands
91%
Norway
91%
Republic of Ireland
91%
Sweden
91%
Russia
90%
Bulgaria
89%
Greece
89%
Iceland
89%
Slovakia
89%
Switzerland
89%
Turkey
89%
Ukraine
89%
Bosnia-Herzegovina
88%
Hungary
88%
Latvia
88%
San Marino
88%
Andorra
87%
Belarus
87%
Czech Republic
87%
Estonia
87%
Lithuania
87%
Slovenia
87%
Luxembourg
86%
Northern Ireland
86%
Romania
86%
Serbia
86%
Kosovo
85%
Malta
84%
Montenegro
84%
Liechtenstein
83%
Israel
82%
Moldova
81%
North Macedonia
81%
Azerbaijan
79%
Cyprus
79%
Armenia
78%
Georgia
78%
Gibraltar
77%
Faroe Islands
70%
Kazakhstan
69%
No matching quizzes found
Score Distribution
Percent of People with Each Score
Percentile by Number Answered
Your Score History
You have not taken this quiz